000 00437nam a2200181Ia 4500
005 20240823031630.0
008 240823s9999||||xx |||||||||||||| ||und||
041 _aENGLISH
082 _A333.79 M3
100 _aMaheshwar Dayal
245 0 _aEnergy:Today and Tomorrow
250 _a1st
260 _b"Delnet,New "
500 _aTRANSFERED
650 _aEnergy Conversion
_bAutomobile Engineering
942 _cBK
999 _c191535
_d191535